[Event "Chigorin Memorial blitz 23rd"]
[Site "St Petersburg"]
[Date "2015.10.02"]
[Round "2"]
[White "Palachev, Peter V"]
[Black "Timofeev, Artyom"]
[Result "0-1"]
[WhiteElo "2373"]
[BlackElo "2539"]
[PlyCount "98"]
[EventDate "2015.10.02"]
[EventType "swiss (blitz)"]
[EventRounds "13"]
[EventCountry "RUS"]
[SourceTitle "CBM 168 Extra"]
[Source "ChessBase"]
[SourceDate "2015.10.29"]
[SourceVersion "1"]
[SourceVersionDate "2015.10.29"]
[SourceQuality "1"]

1. d4 Nf6 2. c4 g6 3. Nc3 d5 4. Bg5 Ne4 5. Bh4 c6 6. e3 Qa5 7. Qb3 e5 8. Bd3 exd4 9. exd4 dxc4 10. Bxc4 Nd6 11. Bf6 Rg8 12. Be2 Be6 13. Qc2 Nd7 14. Bh4 Nf5 15. Nf3 Nxh4 16. Nxh4 0-0-0 17. Nf3 Nb6 18. 0-0 Kb8 19. a3 Qf5 20. Bd3 Qh5 21. Rad1 Bg7 22. Ne2 Nd5 23. Be4 Rge8 24. Rfe1 Qh6 25. Ne5 Qg5 26. Bf3 Bxe5 27. dxe5 Qxe5 28. Nd4 Qc7 29. Nxe6 fxe6 30. b4 a6 31. Qb2 Nf4 32. Qc3 e5 33. g3 Nd5 34. Qb2 Nb6 35. Qb3 Rxd1 36. Rxd1 e4 37. Bg2 Qe5 38. Re1 Qd4 39. Qc2 e3 40. Kh1 Nd5 41. Qc1 Re5 42. Rd1 e2 43. Re1 Qxf2 44. Qd2 Ne3 45. Qd8+ Ka7 46. Qd4+ Ka8 47. Qd8+ Ka7 48. Qd4+ c5 49. Qd2 Qxg2# 0-1